The Dead Sea Scrolls in English (Record no. 2489)

000 -LEADER
fixed length control field 00616nam a2200181 a 4500
001 - CONTROL NUMBER
control field :::00000214$&:&@@
003 - CONTROL NUMBER IDENTIFIER
control field OkBaRHE
005 - DATE AND TIME OF LATEST TRANSACTION
control field 20000607103237.0
008 - FIXED-LENGTH DATA ELEMENTS--GENERAL INFORMATION
fixed length control field s1968 j 000 0 eng u
040 ## - CATALOGING SOURCE
Transcribing agency
245 14 - TITLE STATEMENT
Title The Dead Sea Scrolls in English
Statement of responsibility, etc [translated from the Hebrew and Aramaic and edited by] G. Vermes.
260 ## - PUBLICATION, DISTRIBUTION, ETC. (IMPRINT)
Place of publication, distribution, etc Harmondsworth, EN.,
Name of publisher, distributor, etc Penguin
Date of publication, distribution, etc c1968
300 ## - PHYSICAL DESCRIPTION
Extent 320 p. ;
Dimensions 20 cm.
650 ## - SUBJECT ADDED ENTRY--TOPICAL TERM
Topical term or geographic name as entry element Dead Sea Scrolls.
700 ## - ADDED ENTRY--PERSONAL NAME
Personal name Vermes, G, 1924- edited and translated.
942 ## - ADDED ENTRY ELEMENTS (KOHA)
Source of classification or shelving scheme
Koha item type Books
Copies
Koha item type Copy number Price effective from Date last seen Lost status Date acquired Permanent Location Full call number Damaged status Source of classification or shelving scheme Shelving location Withdrawn status Barcode Not for loan
Books12010-04-142010-04-14 2010-04-14RHEMA Bible Training CollegeBM 487 .A3  General Stacks 214